| 000 | 00500nam a2200169Ia 4500 | ||
|---|---|---|---|
| 999 |
_c586 _d586 |
||
| 003 | OSt | ||
| 005 | 20201224131824.0 | ||
| 008 | 190216s9999||||xx |||||||||||||| ||und|| | ||
| 040 | _coclc | ||
| 082 |
_a297.1241 _bSWA/B |
||
| 100 |
_aSwalahi, C P Salahudheen _92097 |
||
| 245 | 0 |
_aBukhari Muslim / _cC P Salahudheen Swalahi |
|
| 260 |
_bShahin Book House, _c2003. _aKozhikode: |
||
| 300 | _a651p | ||
| 650 | _aIslamic Culture | ||
| 942 |
_cBK _2ddc _h297.1241 _iSWA/B _k297.1241 _mSWA/B |
||